<?xml version="1.0" encoding="UTF-8"?>
<marc:record xmlns:marc="http://www.loc.gov/MARC21/slim">
   <marc:leader>00000nam a2200000 a 4500</marc:leader>
   <marc:datafield ind1="1" ind2=" " tag="100">
      <marc:subfield code="a">Bentley, Sue</marc:subfield>
      <marc:subfield code="4">aut</marc:subfield>
      <marc:subfield code="e">Verfasser/-in</marc:subfield>
   </marc:datafield>
   <marc:datafield ind1="1" ind2=" " tag="100">
      <marc:subfield code="a">Swan, Angela</marc:subfield>
   </marc:datafield>
   <marc:datafield ind1="1" ind2=" " tag="100">
      <marc:subfield code="a">Jürgens, Katharina</marc:subfield>
      <marc:subfield code="4">trl</marc:subfield>
      <marc:subfield code="e">Übersetzer/-in</marc:subfield>
   </marc:datafield>
   <marc:datafield ind1="1" ind2=" " tag="100">
      <marc:subfield code="a">Farley, Andrew</marc:subfield>
   </marc:datafield>
   <marc:datafield ind1="1" ind2=" " tag="100">
      <marc:subfield code="a">Jansson, Kati</marc:subfield>
      <marc:subfield code="4">trl</marc:subfield>
      <marc:subfield code="e">Übersetzer/-in</marc:subfield>
   </marc:datafield>
   <marc:datafield ind1=" " ind2=" " tag="653">
      <marc:subfield code="a">Katze</marc:subfield>
   </marc:datafield>
   <marc:datafield ind1=" " ind2=" " tag="653">
      <marc:subfield code="a">Erstleser</marc:subfield>
   </marc:datafield>
   <marc:datafield ind1=" " ind2=" " tag="653">
      <marc:subfield code="a">Erstlesebuch</marc:subfield>
   </marc:datafield>
   <marc:datafield ind1=" " ind2=" " tag="653">
      <marc:subfield code="a">Erstlesealter</marc:subfield>
   </marc:datafield>
   <marc:datafield ind1=" " ind2=" " tag="653">
      <marc:subfield code="a">magische Tiere</marc:subfield>
   </marc:datafield>
   <marc:datafield ind1=" " ind2=" " tag="653">
      <marc:subfield code="a">Beschäftigung für Kinder</marc:subfield>
   </marc:datafield>
   <marc:datafield ind1=" " ind2=" " tag="653">
      <marc:subfield code="a">Geschenk Mädchen</marc:subfield>
   </marc:datafield>
   <marc:datafield ind1=" " ind2=" " tag="653">
      <marc:subfield code="a">Kinderbuch ab 7 jahre</marc:subfield>
   </marc:datafield>
   <marc:datafield ind1=" " ind2=" " tag="653">
      <marc:subfield code="a">Mädchenbuch</marc:subfield>
   </marc:datafield>
   <marc:datafield ind1=" " ind2=" " tag="653">
      <marc:subfield code="a">Geburtstagsgeschenk</marc:subfield>
   </marc:datafield>
   <marc:datafield ind1=" " ind2=" " tag="653">
      <marc:subfield code="a">Erstlesegeschichte</marc:subfield>
   </marc:datafield>
   <marc:datafield ind1=" " ind2=" " tag="653">
      <marc:subfield code="a">Selberlesen</marc:subfield>
   </marc:datafield>
   <marc:datafield ind1=" " ind2=" " tag="653">
      <marc:subfield code="a">Sammelband</marc:subfield>
   </marc:datafield>
   <marc:datafield ind1=" " ind2=" " tag="653">
      <marc:subfield code="a">Zaubertiere</marc:subfield>
   </marc:datafield>
   <marc:datafield ind1=" " ind2=" " tag="653">
      <marc:subfield code="a">Gutenachtgeschichte</marc:subfield>
   </marc:datafield>
   <marc:datafield ind1=" " ind2=" " tag="653">
      <marc:subfield code="a">für 7-Jährige</marc:subfield>
   </marc:datafield>
   <marc:datafield ind1=" " ind2=" " tag="653">
      <marc:subfield code="a">Softcover / Kinder- und Jugendbücher/Erstlesealter</marc:subfield>
   </marc:datafield>
   <marc:datafield ind1=" " ind2=" " tag="653">
      <marc:subfield code="a">Vorschulalter</marc:subfield>
   </marc:datafield>
   <marc:datafield ind1="0" ind2="0" tag="245">
      <marc:subfield code="a">Zauberkätzchen - Ferien auf Samtpfoten</marc:subfield>
   </marc:datafield>
   <marc:datafield ind1=" " ind2="1" tag="264">
      <marc:subfield code="a">München</marc:subfield>
      <marc:subfield code="b">ArsEdition</marc:subfield>
      <marc:subfield code="c">2021</marc:subfield>
   </marc:datafield>
   <marc:datafield ind1="1" ind2=" " tag="490">
      <marc:subfield code="a">Zauberkätzchen</marc:subfield>
   </marc:datafield>
   <marc:datafield ind1="1" ind2=" " tag="520">
      <marc:subfield code="a">Angaben aus der Verlagsmeldung&lt;br/&gt;&lt;br/&gt;Zauberkätzchen - Ferien auf Samtpfoten / von Sue Bentley&lt;br/&gt;&lt;br/&gt;Der verzauberte Löwenprinz Flamme erobert die Herzen der Leser!&lt;br/&gt;Dieses Kinderbuch der Bestsellerautorin Sue Bentley eignet sich perfekt für Grundschülerinnen ab der 2. Klasse und zum Vorlesen für die Kleinen. Die magischen Geschichten um das kleine Kätzchen Flamme sind das ideale Geschenk für Mädchen ab 7 Jahren.  &lt;br/&gt; &lt;br/&gt;Ein kleines Kätzchen mit Zauberkräften als Freund für alle Fälle!&lt;br/&gt;Kara und Lorna staunen nicht schlecht, als ihnen ein kleines Kätzchen über den Weg läuft. Das niedliche Kätzchen heißt Flamme und kommt aus einer magischen Welt. Mit seinen Zauberkräften stellt Flamme das Leben der Mädchen ganz schön auf den Kopf  und ist doch der beste Freund, den man sich wünschen kann   &lt;br/&gt;&lt;br/&gt;Zwei Geschichten in einem Band: Spannende Freundschaftsabenteuer mit dem liebenswerten Zauberkätzchen Flamme&lt;br/&gt;&lt;br/&gt;Ab 7 Jahren: Zum Selberlesen und zum Vorlesen für kleine Geschwister&lt;br/&gt;&lt;br/&gt;Erfolgsrezept für großen Spaß: Spannende Geschichten, große Buchstaben und kurze Kapitel  so verfestigt sich die Lesekompetenz &lt;br/&gt;&lt;br/&gt;Das perfekte Geschenk: Für alle Fans von Magische Häschen, Auf Magischen Pfoten und der Zauberponys&lt;br/&gt;&lt;br/&gt;Extra-Motivation: Zu diesem Buch gibt es ein Quiz bei Antolin &lt;br/&gt;&lt;br/&gt;Über das Buch&lt;br/&gt;&lt;br/&gt;Mit ihren magischen Ideen verzaubert die Autorin Sue Bentley die Herzen der Kinder. Das Kätzchen Flamme findet in jedem Buch eine Freundin, die es beschützt und dessen Leben es mit seiner Magie gehörig durcheinanderwirbelt. Mit Flamme erlebt man jede Menge Abenteuer!&lt;br/&gt;&lt;br/&gt;Dieser Sammelband enthält die Bücher Zauberkätzchen  Magische Inselabenteuer und Zauberkätzchen  Magische Ferien.   </marc:subfield>
   </marc:datafield>
   <marc:datafield ind1=" " ind2=" " tag="020">
      <marc:subfield code="a">9783845840062</marc:subfield>
      <marc:subfield code="9">9783845840062</marc:subfield>
   </marc:datafield>
   <marc:datafield ind1=" " ind2=" " tag="041">
      <marc:subfield code="a">ger</marc:subfield>
   </marc:datafield>
   <marc:datafield ind1="1" ind2=" " tag="521">
      <marc:subfield code="a">0</marc:subfield>
   </marc:datafield>
</marc:record>
